Hanuman kee bal leelayen (Record no. 75474)
[ view plain ]
| 000 -LEADER | |
|---|---|
| fixed length control field | 00319nam a22001337a 4500 |
| 020 ## - INTERNATIONAL STANDARD BOOK NUMBER | |
| ISBN | 978-81-88135-62-2 |
| 082 ## - DEWEY DECIMAL CLASSIFICATION NUMBER | |
| Classification number | 811.214.21 SAS |
| 100 ## - MAIN ENTRY--AUTHOR NAME | |
| Personal name | SASTRI, Acharya Kapil |
| 245 ## - TITLE STATEMENT | |
| Title | Hanuman kee bal leelayen |
| 260 ## - PUBLICATION, DISTRIBUTION, ETC. (IMPRINT) | |
| Place of publication | New Delhi |
| Name of publisher | Anurodh Prakashan |
| Year of publication | 2023 |
| 300 ## - PHYSICAL DESCRIPTION | |
| Number of Pages | 96p. |
| 942 ## - ADDED ENTRY ELEMENTS (KOHA) | |
| Koha item type | Books |
| Withdrawn status | Lost status | Damaged status | Not for loan | Home library | Current library | Date acquired | Source of acquisition | Full call number | Accession Number | Koha item type |
|---|---|---|---|---|---|---|---|---|---|---|
| RRII Library | RRII Library | 02/04/2025 | Complementary copy from Hindi Section, Rubber Board | 811.214.21 SAS | G01745 | Books |